000 01459nam a2200229 a 4500
008 211129s2016 ||||||||||||||||| || u
020 _a9789085731528
050 _aSF 207 Her
100 _aHertog, Gijis den
245 1 0 _aBeef production
_cby Gijis den Hertog
260 _aWegeningen
_bAgromisa Foundation
_c2016
300 _a93 pages : illustrations
490 _aAgrodok-series
650 _aBEEF CATTLE
650 _aBEEF PRODUCTION
995 _aMEDICAL LIBRARY OPEN ACCESS
_e905293
_FCBU-SCHOOL OF MEDICINE LIBRARY (Ndola)
_jSF 207 Her
_M4
_UAVAILABLE
_WJan 18, 2022
_y905293
_ZMedical Library Open Access Collection
995 _aMEDICAL LIBRARY OPEN ACCESS
_e905292
_FCBU-SCHOOL OF MEDICINE LIBRARY (Ndola)
_jSF 207 Her
_M6
_UAVAILABLE
_WJan 18, 2022
_y905292
_ZMedical Library Open Access Collection
995 _aMAIN LIBRARY OPEN ACCESS
_e751394
_FCBU-MAIN LIBRARY (Kitwe)
_jSF 207 Her
_M1
_UAVAILABLE
_WNov 29, 2021
_y751394
_ZMain Library Open Access Collection
995 _aMAIN LIBRARY OPEN ACCESS
_e751395
_FCBU-MAIN LIBRARY (Kitwe)
_jSF 207 Her
_M2
_UAVAILABLE
_WNov 29, 2021
_y751395
_ZMain Library Open Access Collection
995 _aMEDICAL LIBRARY OPEN ACCESS
_e905291
_FCBU-SCHOOL OF MEDICINE LIBRARY (Ndola)
_jSF 207 Her
_M5
_UAVAILABLE
_WJan 18, 2022
_y905291
_ZMedical Library Open Access Collection
995 _aMAIN LIBRARY OPEN ACCESS
_e751396
_FCBU-MAIN LIBRARY (Kitwe)
_jSF 207 Her
_M3
_UAVAILABLE
_WNov 29, 2021
_y751396
_ZMain Library Open Access Collection
999 _c63711
_d63711